| 000 | 00452 a2200157 4500 | ||
|---|---|---|---|
| 999 |
_c58 _d58 |
||
| 003 | NUST | ||
| 005 | 20180125093041.0 | ||
| 008 | 171212b xxu||||| |||| 00| 0 eng d | ||
| 020 | _a0534407617 | ||
| 040 |
_aDLC _bDLC _c0 |
||
| 082 | _a519.4 FAI | ||
| 100 | 1 |
_aFaires, J. Douglas _97190 |
|
| 245 | 0 | 0 |
_aNumerical methods _cJ. Douglas Faires, Richard Burden |
| 250 | _a3rd ed. | ||
| 260 |
_aPacific Grove, Calif. : _bBrooks/Cole, _c2003. |
||
| 300 |
_axii,754+p. : _bill. + _ediskett |
||
| 500 | _aH.B | ||
| 650 | 7 |
_aNumerical analysis _9103 |
|
| 700 | 1 |
_aBurden, Richard L. _97191 |
|
| 942 |
_cREF _kIESE _2ddc |
||